Di generazione in generazione (Record n. 210464)

Dettagli MARC
000 -LEADER
fixed length control field 01661nam a2200205Ia 4500
001 - CONTROL NUMBER
control field b6567-47114
003 - CONTROL NUMBER IDENTIFIER
control field IT-MiCISF
008 - FIXED-LENGTH DATA ELEMENTS--GENERAL INFORMATION
fixed length control field 161014s9999||||xx |||||||||||||| ||und||
040 ## - CATALOGING SOURCE
Original cataloging agency IT-MiCISF
Transcribing agency IT-MiCISF
041 ## - LANGUAGE CODE
Language code of text/sound track or separate title it
999 ## - SYSTEM CONTROL NUMBERS (KOHA)
Koha Dewey Subclass [OBSOLETE] si
100 ## - MAIN ENTRY--PERSONAL NAME
Personal name Lizzola Ivo
245 #0 - TITLE STATEMENT
Title Di generazione in generazione
Remainder of title L'esperienza educativa tra consegna e nuovo inizio
250 ## - EDITION STATEMENT
Edition statement 1a ed.
260 ## - PUBLICATION, DISTRIBUTION, ETC. (IMPRINT)
Place of publication, distribution, etc. Milano
Name of publisher, distributor, etc. Franco Angeli
Date of publication, distribution, etc. 2009
300 ## - PHYSICAL DESCRIPTION
Extent pp. 191
500 ## - GENERAL NOTE
General note / educazione, rapporti-intergenerazionali, infanzia, adolescenza, giovani, pedagogia, scuola / Quali percorsi prende la ricerca delle giovanissime e dei giovanissimi, il loro esercizio di abilità per vivere il proprio tempo, per intrecciare gli accadimenti della vita personale, le scelte e le transizioni biografiche in una storia tra storie? Il nostro pare essere "tempo opportuno" per riconquistare un respiro "di generazione in generazione", nel quale riprendere il rapporto profondo con la propria filialità, con la relazione all'altro, con la consegna di futuro e con la capacità di inizio. Questo chiede di guardare alla scuola come luogo antropologico, alla conoscenza come esperienza del tempo, alle modalità per ritrovare l'infanzia e, insieme, alla capacità di consegnare e di lasciare. Chiede un esercizio di pensiero, una capacità di presenza, una modalità di cittadinanza "per generazioni": è la ricerca di questo volume, nato in luoghi diversi dell'incontro impegnativo tra le generazioni, e portatore d'una prospettiva pedagogica ed etica, antropologica e politica.
650 ## - SUBJECT ADDED ENTRY--TOPICAL TERM
Topical term or geographic name as entry element Genitorialità e problemi educativi / educazione
Relator term 004
942 ## - ADDED ENTRY ELEMENTS (KOHA)
Koha item type LIBRO
957 ## -
-- 1
999 ## - SYSTEM CONTROL NUMBERS (KOHA)
-- 1
Dati di copia
Withdrawn status Lost status Damaged status Not for loan Home library Current library Date acquired Total Checkouts Full call number Date last seen Price effective from Koha item type Public note
    Buone Condizioni Not For Loan CISF - Milano CISF - Milano 14/10/2016   b6567-47114 14/10/2016 14/10/2016 LIBRO Data import 15.10.2016 / by Epidotti, Vaglietti
CREDITS: SOCIETA' SAN PAOLO Via A.Severo, 58 - ROMA (RM) & PERIODICI SAN PAOLO SRL Via Giotto, 36 MILANO & CISF Via Giotto, 36 MILANO & EDIZIONI SAN PAOLO SRL,  Piazza Soncino, 5 CINISELLO BALSAMO (MI) -- ITALY